| 000 | 00642nam a22001817a 4500 | ||
|---|---|---|---|
| 999 |
_c179639 _d179639 |
||
| 005 | 20210625144118.0 | ||
| 010 | _aENG-129525 | ||
| 020 |
_c495.00 _a978-93-5388-270-9 |
||
| 035 | _aEN-113057 | ||
| 037 | _bDBAD/PUB | ||
| 082 | _a658.4012 | ||
| 100 | _aBalakrishna, Sidharth | ||
| 245 |
_aCut to the Chase: A no-nonsense approach towards strategy and problem - solving/ _cby Sidharth balakrishna |
||
| 260 |
_aNew Delhi _bSage Publications India Pvt. Ltd _c2020 |
||
| 270 |
_bNew Delhi _e110044 _aB1/1-1 Mohan Cooperative Industrial area Mathura road |
||
| 300 |
_a268p; _c22cm(pbk) |
||
| 942 |
_2ddc _cEN _h658.4012 _mBAL |
||